Cut the carbon campaign launched (Record no. 111848)

MARC details
000 -LEADER
fixed length control field 00838cad a22001935a 4500
001 - CONTROL NUMBER
control field L152092
008 - FIXED-LENGTH DATA ELEMENTS--GENERAL INFORMATION
fixed length control field 110201s2011 xxk f 000 0 eng d
035 ## - SYSTEM CONTROL NUMBER
System control number (Sirsi) u152092
041 0# - LANGUAGE CODE
Language code of text/sound track or separate title eng
110 2# - MAIN ENTRY--CORPORATE NAME
Corporate name or jurisdiction name as entry element Federation of Master Builders
9 (RLIN) 465
245 00 - TITLE STATEMENT
Title Cut the carbon campaign launched
Medium [electronic resource]
260 ## - PUBLICATION, DISTRIBUTION, ETC.
Place of publication, distribution, etc. London
Name of publisher, distributor, etc. FMB
Date of publication, distribution, etc. 2010
520 ## - SUMMARY, ETC.
Summary, etc. Cut the Carbon campaign was launched to help SMEs prepare for construction industry-wide changes; small and medium sized construction businesses need to start taking advantage of the growing demand for low carbon construction.
590 ## - LOCAL NOTE (RLIN)
Local note KA NTK
651 #4 - SUBJECT ADDED ENTRY--GEOGRAPHIC NAME
Geographic name United Kingdom
Chronological subdivision
690 ## - LOCAL SUBJECT ADDED ENTRY--TOPICAL TERM (OCLC, RLIN)
Topical term or geographic name as entry element BUILT ENVIRONMENT-SUSTAINABLE CONSTRUCTION
856 40 - ELECTRONIC LOCATION AND ACCESS
Uniform Resource Identifier <a href="https://www.fmb.org.uk/news/news-advice/?entryid3=210141">https://www.fmb.org.uk/news/news-advice/?entryid3=210141</a>
Public note View this item free of charge at www.fmb.org.uk
942 ## - ADDED ENTRY ELEMENTS (KOHA)
Suppress in OPAC 0
Holdings
Withdrawn status Lost status Source of classification or shelving scheme Damaged status Not for loan Home library Current library Shelving location Date acquired Total Checkouts Full call number Barcode Date last seen Copy number Price effective from Koha item type
    Dewey Decimal Classification     Virtual Virtual Online 01/02/2011   ONLINE PUBLICATION 152092-1001 06/08/2019 1 06/08/2019 Book